000 00581nam a22001937a 4500
999 _c189466
_d189466
005 20220701143125.0
010 _aUR-11609
020 _a9788186346846
_c400.00
035 _aU-10164
037 _bDBAD/PUB
_a-
082 _a841
100 _aف۔ س۔ اعجا ز
245 _aپتلی برف /
_cف۔ س۔ اعجا ز
_hا ر د و
246 _aPatli Barf /
_bby Fay Seen Ejaz
260 _aKolkata
_bInsha Publications
_c2022 ء
270 _a25-B, Zakaria Street
_bKolkata
_e700073
300 _a300 ص
_c22cm(pbk)
942 _2ddc
_cUR
_h841
_mا ع ج